000 01013nam a2200289Ia 4500
003 OSt
005 20221005071732.0
006 a|||||r|||| 00| 0
007 ta
008 221004b |||||||| |||| 00| 0 eng d
020 _a8185040907
_c595
024 _a81940
037 _b1543, 30/03/2005, P.T. Book International
_cTextual
040 _aCRL
_cCRL
_beng
041 _2eng
_aeng
082 _aV2:1941,(X).N9, P5
100 _aRay Jayanta Kumar Ed.
_9606615
245 0 _aIndia and China in an Era of Globalization
_b Essays on economic cooperation edited by Jayanta Kumar Ray and Prabir De
260 _aNew Delhi
_bBlackwell India
_c2005
300 _a243p.
_ccm.
650 _a HISTORY
650 _a INDIA - FOREIGN RELATIONS
_928675
650 _aINTERNATIONAL ECONOMIC RELATIONS
700 _a De Prabir Ed.
_9476753
942 _hV2:1941,(X).N9, P5
_cTEXL
_2cc
999 _c978289
_d978289